000 00579nam a22002057a 4500
003 OSt
005 20140310182752.0
008 130202t xxu||||| |||| 00| 0 eng d
020 _a9789746622137
050 _aZ 687
_b.J66 2009
082 _aM 025.2
_bJ636 2009
245 _aFundamentals of collection development and management
_cJohnson, Peggy
260 _aChicago :
_bAmerican Library Association,
_c2009.
300 _axiii, 407 p. ;
_c 23 cm.
521 _acollege students
526 _c1210l-1700L
541 _j1
562 _e1
942 _2lcc
_cBK
_kM
999 _c15780
_d15780